[Event "Izmailov Memorial op 17th"]
[Site "Tomsk"]
[Date "2013.06.18"]
[Round "8"]
[White "Kuznetsov, Oleg"]
[Black "Anufrienko, Daria"]
[Result "0-1"]
[WhiteElo "2080"]
[BlackElo "1969"]
[PlyCount "44"]
[EventDate "2013.06.11"]
[EventType "swiss"]
[EventRounds "9"]
[EventCountry "RUS"]
[SourceTitle "EXT 2014"]
[Source "ChessBase"]
[SourceDate "2013.11.20"]
[SourceVersion "1"]
[SourceVersionDate "2013.11.20"]
[SourceQuality "1"]

1. Nf3 d5 2. d4 Nf6 3. c4 e6 4. Nc3 Nbd7 5. cxd5 exd5 6. Bg5 c6 7. e3 Bd6 8. Be2 0-0 9. 0-0 Re8 10. a3 a5 11. Rb1 Nf8 12. b4 axb4 13. axb4 Ra3 14. Qc1 Rxc3 15. Qxc3 Ne4 16. Qc1 Nxg5 17. Nxg5 Qxg5 18. b5 Qh6 19. g3 Bf5 20. Ra1 Be4 21. Rd1 Re6 22. bxc6 Qxh2+ 0-1

[Event "Izmailov Memorial op 17th"]
[Site "Tomsk"]
[Date "2013.06.17"]
[Round "7"]
[White "Kuzmin, Arseniy"]
[Black "Kuznetsov, Oleg"]
[Result "1-0"]
[WhiteElo "1980"]
[BlackElo "2080"]
[PlyCount "33"]
[EventDate "2013.06.11"]
[EventType "swiss"]
[EventRounds "9"]
[EventCountry "RUS"]
[SourceTitle "EXT 2014"]
[Source "ChessBase"]
[SourceDate "2013.11.20"]
[SourceVersion "1"]
[SourceVersionDate "2013.11.20"]
[SourceQuality "1"]

1. e4 c6 2. Nf3 d5 3. Nc3 Bg4 4. h3 Bxf3 5. Qxf3 d4 6. Ne2 e5 7. Ng3 Nf6 8. Bc4 Nbd7 9. a3 Be7 10. d3 0-0 11. Nf5 Ne8 12. Qg3 Kh8 13. h4 Bf6 14. Qh3 Nc5 15. g4 Nd6 16. Ba2 Nxf5 17. gxf5 1-0

[Event "Izmailov Memorial op 17th"]
[Site "Tomsk"]
[Date "2013.06.14"]
[Round "4"]
[White "Kuznetsov, Oleg"]
[Black "Bilegsaikhan, Oyunbold"]
[Result "0-1"]
[WhiteElo "2080"]
[BlackElo "2028"]
[PlyCount "32"]
[EventDate "2013.06.11"]
[EventType "swiss"]
[EventRounds "9"]
[EventCountry "RUS"]
[SourceTitle "CBM 154 Extra"]
[Source "ChessBase"]
[SourceDate "2013.06.25"]
[SourceVersion "2"]
[SourceVersionDate "2013.06.25"]
[SourceQuality "1"]

1. Nf3 d5 2. d4 Nf6 3. c4 dxc4 4. Nc3 a6 5. a4 Nc6 6. e3 Na5 7. Ne5 Be6 8. Qf3 c6 9. g4 g6 10. h4 Bg7 11. h5 Nd5 12. Ne4 Bxe5 13. dxe5 Nb4 14. Bd2 Nc2+ 15. Kd1 Nxa1 16. hxg6 fxg6 0-1

[Event "Izmailov Memorial op 12th"]
[Site "Tomsk"]
[Date "2008.07.01"]
[Round "7"]
[White "Moskalenko, Viktor"]
[Black "Kuznetsov, Oleg"]
[Result "1-0"]
[WhiteElo "2569"]
[BlackElo "2097"]
[PlyCount "55"]
[EventDate "2008.06.25"]
[EventType "swiss"]
[EventRounds "9"]
[EventCountry "RUS"]
[SourceTitle "CBM 125 Extra"]
[Source "ChessBase"]
[SourceDate "2008.09.01"]
[SourceVersion "1"]
[SourceVersionDate "2008.09.01"]
[SourceQuality "1"]

1. d4 d5 2. Nc3 Nf6 3. Bg5 Bf5 4. Bxf6 exf6 5. a3 c6 6. e3 Bd6 7. Bd3 Bxd3 8. Qxd3 Nd7 9. Nge2 0-0 10. Ng3 g6 11. Nge2 f5 12. h4 Nf6 13. h5 Ne4 14. hxg6 fxg6 15. f3 Nxc3 16. Nxc3 Qg5 17. 0-0-0 b5 18. Kb1 a5 19. Nxb5 Bb8 20. Nc3 Qxg2 21. f4 Ra7 22. Rdg1 Qf3 23. Qd2 Rff7 24. Qe1 Bxf4 25. exf4 Qxf4 26. Qe8+ Kg7 27. Qxc6 Qxd4 28. Rxh7+ 1-0

[Event "Izmailov Memorial op 12th"]
[Site "Tomsk"]
[Date "2008.06.28"]
[Round "4"]
[White "Kuznetsov, Oleg"]
[Black "Demikhov, Maxim"]
[Result "1/2-1/2"]
[WhiteElo "2097"]
[BlackElo "1916"]
[PlyCount "70"]
[EventDate "2008.06.25"]
[EventType "swiss"]
[EventRounds "9"]
[EventCountry "RUS"]
[SourceTitle "CBM 125 Extra"]
[Source "ChessBase"]
[SourceDate "2008.09.01"]
[SourceVersion "1"]
[SourceVersionDate "2008.09.01"]
[SourceQuality "1"]

1. d4 d5 2. Nf3 Nf6 3. c4 e6 4. Nc3 Nbd7 5. cxd5 exd5 6. Bg5 Be7 7. e3 c6 8. Bd3 0-0 9. 0-0 h6 10. Bh4 Ne4 11. Bxe7 Qxe7 12. Qc2 f5 13. a3 a6 14. b4 g5 15. Ne2 Kh8 16. Rab1 g4 17. Nd2 Ndf6 18. Nf4 Qf7 19. f3 Nxd2 20. Qxd2 gxf3 21. gxf3 Nh5 22. Nxh5 Qxh5 23. f4 Rg8+ 24. Kh1 Bd7 25. Be2 Qf7 26. Rg1 Qe7 27. Rxg8+ Rxg8 28. Bd3 Qh4 29. Rg1 Rxg1+ 30. Kxg1 Qg4+ 31. Kf1 Be8 32. Qe2 Qh3+ 33. Ke1 Bh5 34. Qf2 Qg4 35. Be2 Qxe2+ 1/2-1/2

[Event "Dubna op"]
[Site "Dubna"]
[Date "2000.??.??"]
[Round "9"]
[White "Kolmakov, Pavel"]
[Black "Kuznetsov, Oleg"]
[Result "0-1"]
[WhiteElo "2107"]
[BlackElo "2308"]
[PlyCount "38"]
[EventDate "2000.??.??"]
[EventType "swiss"]
[EventRounds "9"]
[EventCountry "RUS"]
[SourceTitle "EXT 2002"]
[Source "ChessBase"]
[SourceDate "2001.11.25"]
[SourceVersion "1"]
[SourceVersionDate "2001.11.25"]
[SourceQuality "1"]

1. e4 c5 2. Nf3 g6 3. d4 Bg7 4. c3 cxd4 5. cxd4 d5 6. e5 Bg4 7. Be2 e6 8. Nc3 Ne7 9. Nb5 Nf5 10. b3 Bxf3 11. gxf3 a6 12. Na3 Qa5+ 13. Kf1 Nc6 14. Nc2 0-0 15. a4 Rfc8 16. Ba3 Qc7 17. Rg1 Nxe5 18. Rc1 Nc6 19. Kg2 Qf4 0-1